Statistics for Victoria Beckham Filmography

Click here to take the quiz!

General Stats

  • This quiz has been taken 7 times
    (3 since last reset)
  • The average score is 4 of 31

Answer Stats

TypeYearName% Correct
Film1997Spice World
100%
TV Show2007Ugly Betty
100%
TV Show2007, 2008Project Runway
50%
TV Show1997Saturday Night Live
50%
TV Show2010SpongeBob SquarePants
50%
TV Show2010American Idol
0%
TV Documentary2002Being Victoria Beckham
0%
TV Show1998Club Disney
0%
Commercial2003Daihatsu Mira Avy
0%
TV Show2007Dancing with the Stars
0%
Documentary2022David Beckham: Infamous
0%
TV Documentary2014David Beckham: Into the Unknown
0%
TV Show1996Fully Booked
0%
TV Show2009Germany's Next Topmodel
0%
TV Documentary2007Giving You Everything
0%
Documentary2000Manchester United: Beyond the Promised Land
0%
TV Show1997Noel's House Party
0%
Commercial1997Pepsi
0%
TV Show2007Strictly Come Dancing
0%
TV Show1996The Disney Club
0%
TV Documentary2003The Real Beckhams
0%
Documentary2000The Real David Beckham
0%
TV Show2002The Saturday Show
0%
FilmTBAThe Spice Girls
0%
Documentary2012The Spice Girls Story: Viva Forever!
0%
TV Show1996-2004Top of the Pops
0%
TV Documentary2004Victoria: A Mile in Their Shoes
0%
TV Documentary2007Victoria Beckham: Coming to America
0%
TV Documentary2000Victoria's Secrets
0%
Commercial2002Walkers Crisps
0%
Film2001Zoolander
0%

Score Distribution

Percentile by Number Answered

Percent of People with Each Score

Your Score History

You have not taken this quiz since the last reset